000 00821nas a2200253 4500
001 BR8802923
003 BR-BrBNA
005 20231205091143.0
007 ta
008 230509b bl.|||p| |||| 00| 00por d
040 _aBR-BrBNA
_bpor
_cBiblioteca Nacional de Agricultura
041 _a(Pt)
072 _aL74
100 1 _aLopes, A.C.
100 1 _aAragao, M.B.
245 1 _aEstudo anatomopatologico com o inseticida temefos, em caes
246 1 _aAnatomopathological study in dogs under administration of the insecticide temephos
650 _aCAO
650 _aINTOXICACAO ANIMAL
650 _aINSETICIDA
773 0 _tArquivos Fluminenses de Medicina Veterinaria (Brazil)
_xISSN 0102-7794
_g(Jan-Jun 1986), v. 1(1) p. 23-25
_wBR8802923
909 _a202311
_bLúcia
_c55
_dLúcia Elande
942 _2AGRIS
_n0
_cANA
999 _c123186
_d123186